| 000 | 00843nam a2200217Ia 4500 | ||
|---|---|---|---|
| 003 | OSt | ||
| 005 | 20250822104644.0 | ||
| 008 | 221004b |||||||| |||| 00| 0 hin d | ||
| 020 | _a9788185999739 (hbk) | ||
| 037 | _cTB | ||
| 040 |
_aCRL _cCRL _bhin |
||
| 041 |
_2hin _ahin |
||
| 084 |
_aO152:g P9 _qCL |
||
| 100 |
_aप्रधान, गोपाल _9818542 |
||
| 245 | 0 |
_aहिंदी नवरत्न _b हिंदी आलोचना की पहली किताब |
|
| 246 | _aHiandī navaratna: hiandī ālochanā kī pahalī kitāba | ||
| 260 |
_aदिल्ली _bस्वराज प्रकाशन भारत _c2009 |
||
| 300 |
_a102पृ0 _ccm. |
||
| 942 |
_hO152:g P9 _cTB _2cc _n0 |
||
| 999 |
_c1014517 _d1014517 |
||